<?xml version="1.0" encoding="UTF-8"?><?xml-stylesheet type="text/xsl" href="static/style.xsl"?><OAI-PMH xmlns="http://www.openarchives.org/OAI/2.0/" xmlns:xsi="http://www.w3.org/2001/XMLSchema-instance" xsi:schemaLocation="http://www.openarchives.org/OAI/2.0/ http://www.openarchives.org/OAI/2.0/OAI-PMH.xsd"><responseDate>2026-04-14T06:49:49Z</responseDate><request verb="GetRecord" identifier="oai:www.recercat.cat:10230/61380" metadataPrefix="marc">https://recercat.cat/oai/request</request><GetRecord><record><header><identifier>oai:recercat.cat:10230/61380</identifier><datestamp>2025-12-22T13:34:33Z</datestamp><setSpec>com_2072_6</setSpec><setSpec>col_2072_452952</setSpec></header><metadata><record xmlns="http://www.loc.gov/MARC21/slim" xmlns:dcterms="http://purl.org/dc/terms/" xmlns:xsi="http://www.w3.org/2001/XMLSchema-instance" xmlns:doc="http://www.lyncode.com/xoai" xsi:schemaLocation="http://www.loc.gov/MARC21/slim http://www.loc.gov/standards/marcxml/schema/MARC21slim.xsd">
   <leader>00925njm 22002777a 4500</leader>
   <datafield ind2=" " ind1=" " tag="042">
      <subfield code="a">dc</subfield>
   </datafield>
   <datafield ind2=" " ind1=" " tag="720">
      <subfield code="a">Brahmer, Julie R.</subfield>
      <subfield code="e">author</subfield>
   </datafield>
   <datafield ind2=" " ind1=" " tag="720">
      <subfield code="a">Bellmunt Molins, Joaquim, 1959-</subfield>
      <subfield code="e">author</subfield>
   </datafield>
   <datafield ind2=" " ind1=" " tag="720">
      <subfield code="a">Ribas, Antoni</subfield>
      <subfield code="e">author</subfield>
   </datafield>
   <datafield ind2=" " ind1=" " tag="260">
      <subfield code="c">2024-10-14T06:28:03Z</subfield>
   </datafield>
   <datafield ind2=" " ind1=" " tag="260">
      <subfield code="c">2024-10-14T06:28:03Z</subfield>
   </datafield>
   <datafield ind2=" " ind1=" " tag="260">
      <subfield code="c">2024</subfield>
   </datafield>
   <datafield ind2=" " ind1=" " tag="520">
      <subfield code="a">Background: Pembrolizumab has a manageable safety profile as described in its label, which was primarily based on 2799 patients who participated in clinical trials for melanoma or non-small cell lung cancer. Here, we evaluated the safety of pembrolizumab in a broader population of patients from 31 advanced cancer clinical trials across 19 cancer types. Methods: Safety was analyzed in patients who received at least one dose of pembrolizumab (200 mg every 3 weeks [Q3W], 10 mg/kg Q2W or Q3W, or 2 mg/kg Q3W). Adverse events (AEs) and immune-mediated AEs and infusion reactions were evaluated. Results: Safety data from 8937 patients in 31 trials of pembrolizumab monotherapy were pooled (median, seven administrations; range, 1-59). Median duration on treatment was 4.1 months (range, 0.03-40.1). AEs occurred in 96.6% of patients. Grade 3-5 AEs occurred in 50.6% of patients. AEs led to pembrolizumab discontinuation in 12.7% of patients and death in 5.9%. Immune-mediated AEs and infusion reactions occurred in 23.7% of patients (4.6% experienced multiple immune-mediated AEs/infusion reactions) and led to pembrolizumab discontinuation in 3.6% and death in 0.2%. Grade 3-5 immune-mediated AEs occurred in 6.3% of patients. Serious immune-mediated AEs and infusion reactions occurred in 6.0% of patients. Median time to immune-mediated AE onset was 85 days (range, 13-163). Of 2657 immune-mediated AEs, 22.3% were initially treated with prednisone ≥ 40 mg/day or equivalent, and 8.3% were initially treated with lower steroid doses. Conclusions: This pooled analysis of 31 clinical trials showed that pembrolizumab has a consistent safety profile across indications.</subfield>
   </datafield>
   <datafield tag="653" ind2=" " ind1=" ">
      <subfield code="a">Neoplasms</subfield>
   </datafield>
   <datafield tag="653" ind2=" " ind1=" ">
      <subfield code="a">Pembrolizumab</subfield>
   </datafield>
   <datafield tag="653" ind2=" " ind1=" ">
      <subfield code="a">Programmed cell death 1 receptor</subfield>
   </datafield>
   <datafield tag="653" ind2=" " ind1=" ">
      <subfield code="a">Safety</subfield>
   </datafield>
   <datafield ind2="0" ind1="0" tag="245">
      <subfield code="a">Safety profile of pembrolizumab monotherapy based on an aggregate safety evaluation of 8937 patients</subfield>
   </datafield>
</record></metadata></record></GetRecord></OAI-PMH>